Normal view MARC view
  • Reyes-Lagunes, Isabel

Entry Nombre Personal

Number of records used in: 1

001 - NUMERO DE CONTROL

  • campo de control: 44691

003 - IDENTIFICADOR DE NUMERO DE CONTROL

  • campo de control: DLC

005 - FECHA Y HORA DE LA ÜLTIMA TRANSACCIÓN

  • campo de control: 20220603125927.0

008 - DATOS DE LONGITUD FIJA

  • campo de control de longitud fija: 850918n| acannaabn |a aaa

010 ## - NÚMERO DE CONTROL DE LA BIBLIOTECA DEL CONGRESO

  • Número de control LC: n 85181553

035 ## - NUMERO DE CONTROL

  • Número de control: (OCoLC)oca01399565

040 ## - FUENTE DE CATALOGACIÓN

  • Agencia original de catalogación: DLC
  • Lenguaje de catalogación: eng
  • Agencia de transcripción: DLC
  • Agencia que lo modifica: DLC
  • Agencia que lo modifica: OCoLC
  • Agencia que lo modifica: MX-MxUPN

100 1# - ENCABEZAMIENTO - NOMBRE PERSONAL

  • Nombre personal: Reyes-Lagunes, Isabel

400 1# - VEÁSE - NOMBRE DE PERSONA

  • Personal name: Lagunes, Isabel Reyes-

400 1# - VEÁSE - NOMBRE DE PERSONA

  • Personal name: Reyes Lagunes, Isabel

670 ## - FUENTE EN LA QUE SE LOCALIZARON DATOS

  • Cita de la fuente: Internat. Assoc. for Cross-Cult. Psy. Internat. Conf. (7th : 1984 : Acapulco, Mex.). From a different perspective, 1985:
  • Información localizada: Catalogación en publicación en portada (Isabel Reyes Lagunes) ficha técnica (Reyes Lagunes, Isabel; b. 7/8/42)

670 ## - FUENTE EN LA QUE SE LOCALIZARON DATOS

  • Cita de la fuente: LC base de datos, 9/13/85
  • Información localizada: (Encabezamiento.: Reyes-Lagunes, Isabel; use por: Isabel Reyes-Lagunes)

670 ## - FUENTE EN LA QUE SE LOCALIZARON DATOS

  • Cita de la fuente: Desarrollo de la personalidad en dos culturas, 1975:
  • Información localizada: portada (Isabel Reyes Lagunes)

902 ## - CATALOGADOR

  • Catalogador: VAGG/030622